000 00601nmm a2200193Ia 4500
008 251105s9999||||xx |||||||||||||||||und||
020 _a9788437073224
041 _aspa
100 _aMonter Pérez, Josep
245 0 _aArte, gusto y estética en la Encyclopédie
264 _a[Madrid, España] :
_bPublicaciones de la Universidad de Valencia (PUV),
_c2009
300 _a198 páginas
490 _aEstètica&Crítica
650 _aArts in general
700 _aMonter Pérez, Josep
700 1 _a Calle, Romà de la
856 _uhttps://public.digitaliapublishing.com/a/34773
942 _cCF
999 _c68976
_d68976